000 00424nam a2200157 i 4500
001 87460
003 ES-MaACL
005 20230906175657.0
007 t|
008 041222s1923 xxu ||||1| eng d
100 1 _aKretschmer, Herman L.
_968818
245 1 0 _aEchinococus disease of the kidney /
_cHerman L. Kretschmer.
260 _aChicago :
_b[s.n.,
_c1923]
300 _a12 p. ;
_c18 cm.
852 _aES-MaACL
_j1668-F-18
999 _c87460
_d87460